1826 1102 1650 1539 1213 1037 1167 1270 1870 1104 1656 1230 1824 1947 1066 1330 1234 1005 1320 1068 1309 1448 1118 1187 1629 1650 1871 1564 1680 1779 1893 1639 1541 1009 1188 1394 1183 1974 1560 1290 1452 1473 1819 1015 1548 1245 1904 1566 1528 1306 1654 1213 1542 1139 1347 1291 1370 1121 1802 1688 1932 1790 1818 1280 1933 1062 1287 1424 1462 1931 1994 1608 1987 1552 1867 1138 1172 1633 1284 1336 1500 1804 1674 1615 1791 1946 1769 1147 1282 1543 1939 1947 1609 1101 1493 1110 1836 1779 1142 BCNSPRNW ULIB Ver.6.0+V

เปลี่ยนเป็นภาษาไทย

Change to English
 แสดงรายละเอียดบรรณานุกรม
  กลับหน้าหลัก

Brief Record : Get Marc (ISO 2709) : E-mail record : QR code < ปิดหน้าต่าง
LEADER : 00000nam 2200000uu 4500
001    13399111262
003     ULIB
008    110621s||||||||th 000 0 tha d
020    9747036673
050  4 BF698^bส256บ 2542
100 0  สมศรี สุกุมลนันทน์
245 10 บุคลิกภาพ /^cสมศรี สุกุมลนันทน์
250    พิมพ์ครั้งที่ 6
260    กรุงเทพฯ :^bแม่คำผาง,^c2542
300    117 หน้า :^bภาพประกอบ ;^c20 ซม.
650  7 บุคลิกภาพ
945    ^p65^l0^i013082
995    ทศพร
999 ^a ใช้งานได้ทุกระบบ
รายการนี้ยังไม่มีแท็ก
คุณยังไม่ได้ล็อกอิน คุณสามารถมีกิจกรรมร่วมกับเว็บไซต์ได้ แต่ต้องล็อกอินก่อน ::
  ล็อกอิน

รายการสื่อสารสนเทศ

ลำดับที่ ประเภท เลขเรียก/บาร์โค้ด สถานที่ สถานะ
- ไม่พบข้อมูล -

รายการใกล้เคียง
    หัวเรื่อง [บุคลิกภาพ]

BibComment


ยังไม่เคยถูกคอมเมนท์

คอมเมนท์ทรัพยากรรายการนี้
  คอมเมนท์: บุคลิกภาพ สมศรี ..


 Copyright 2026. Bcnsprnw @Library